| 000 | nam a22 a 4500 | ||
|---|---|---|---|
| 999 |
_c429817 _d429817 |
||
| 003 | BLK | ||
| 005 | 20211125161514.0 | ||
| 008 | 210824b bu |||||r|||| 00| | bu d | ||
| 040 | _aBLK | ||
| 041 |
_aFRE _cFRE |
||
| 080 |
_aАнглийска литература _b821.111 _x-32 _z821.111-32 |
||
| 100 | 1 |
_917212 _aLondon, Jack _eпърви автор |
|
| 139 | _aLondon, Jack | ||
| 245 |
_aDeux nouvelles _bL'Amour de la Vie; La Foi des Hommes. _cJack London; trad. Paul Wenz, Georges Dupuy; Ill. d'A. Devambez et de F. de Haenen |
||
| 260 |
_9447085 _aParis _c1912 |
||
| 300 |
_a30 с. _c29 см |
||
| 380 | _aX | ||
| 501 | _aПодв. към 429807 -Récits de guerre | ||
| 700 |
_9284 _aWenz, Paul _etrad. |
||
| 700 |
_9284 _aDupuy, Georges _etrad. |
||
| 700 |
_9130 _a Devambez. A. _eill. |
||
| 700 |
_9130 _aHaenen., F. de _eill. |
||
| 852 |
_aЦб 8.285.263 _bО |
||
| 942 |
_cKNG _n0 _s1 |
||
| 944 |
_aCR _c2021-08-24 _kХристина Везирева |
||
| 999 | _d429817 | ||
| 999 | _d429817 | ||
| 999 | _d429807 | ||
| 999 | _d429797 | ||